000 00589nam a22001817a 4500
005 20170802153458.0
010 _aENG-119517
020 _c200.00
_a9788184655025
035 _aEN-103049
037 _bDBAD/PUB
082 _a280.61
100 _aPhlip,Bijesh
245 _aSt. basil the great and the globalized India /
_cby Bijesh Phlip
260 _aDelhi
_bThe Indian Society for Promoting Christian Knowlewdge(ISPCK))
_c2015
270 _a1585,1654 Madarsa Road Kashmere Gate
_bDelhi
_e110006
300 _axvii,182p.
_c23cm(pbk)
942 _2ddc
_cEN
_mPHI
_h280.61
999 _c143076
_d143076